000 00549nam a22001937a 4500
005 20260323155925.0
008 260323b |||||||| |||| 00| 0 eng d
037 _cDSWL
040 _aDSWL
_cDSWL
041 _heng
100 _aLlewellyn, Anne
_91137658
245 _aSociology for Social Workers
260 _aJaipur,
_bRawat Publication,
_c2017
300 _a324p
365 _aINR
_b1495
700 _aLorraine Agu & David Mercer
_91137659
942 _2CC
_cTEXL
_n0
999 _c1726434
_d1726434